Social entrepreneurship : (Record no. 55556)

MARC details
000 -LEADER
fixed length control field 01000nam a22002417a 4500
005 - DATE AND TIME OF LATEST TRANSACTION
control field 20110810113757.0
008 - FIXED-LENGTH DATA ELEMENTS--GENERAL INFORMATION
fixed length control field 110810t xxu||||| |||| 00| 0 eng d
010 ## - LCCN (DPL NO)
LC control number ENG-103473
020 ## - INTERNATIONAL STANDARD BOOK NUMBER
International Standard Book Number 8187301295
Terms of availability 200.00
035 ## - SYSTEM CONTROL NUMBER
System control number EN-87006
037 ## - SOURCE OF ACQUISITION
Source of stock number/acquisition DBAD/PUB
040 ## - CATALOGING SOURCE
Original cataloging agency DPL
Language of cataloging Eng
082 ## - DEWEY DECIMAL CLASSIFICATION NUMBER
Classification number 305.42
100 ## - MAIN ENTRY--PERSONAL NAME
9 (RLIN) 31629
Personal name Amuthalakshmi, P.
245 ## - TITLE STATEMENT
Title Social entrepreneurship :
Statement of responsibility, etc by P.Amuthalakshmi [and] Krishnan Umachandran
Remainder of title empowering women- below poverty line community (BPLC) /
260 ## - PUBLICATION, DISTRIBUTION, ETC. (IMPRINT)
Place of publication, distribution, etc Chennai
Name of publisher, distributor, etc Armoise Trustt
Date of publication, distribution, etc 2009
270 ## - ADDRESS
City Chennai
Postal code 600064
Address Plot 19&20, Block C, Sitaraman Street, Kadariammbal Nagar, Jain Nagar Extn, Hasthinapuram, Chitlapakkam
Telephone number 22237274
300 ## - PHYSICAL DESCRIPTION
Extent 240p.
Dimensions 22cm (pbk)
650 ## - SUBJECT ADDED ENTRY--TOPICAL TERM
9 (RLIN) 31639
700 ## - ADDED ENTRY--PERSONAL NAME
9 (RLIN) 31640
Personal name Umachandran,Krishnan
942 ## - ADDED ENTRY ELEMENTS (KOHA)
Source of classification or shelving scheme Dewey Decimal Classification
Item type English Books
Call number suffix AMU
Classification part 305.42
Holdings
Withdrawn status Lost status Source of classification or shelving scheme Damaged status Not for loan Collection code Home library Current library Date acquired Source of acquisition Cost, normal purchase price Total Checkouts Full call number Barcode Date last seen Copy number Cost, replacement price Koha item type
    Dewey Decimal Classification   Not For Loan Non-fiction D.B.Act.Division D.B.Act.Division 18/08/2011 DBAD / PUB 200.00   305.42 AMU EN-87006 18/08/2011 1 200.00 English Books

© Delhi Public Library
Hit Counter
free hit counter